Land remediation (Record no. 74726)

MARC details
000 -LEADER
fixed length control field 00979cab a2200229 4500
001 - CONTROL NUMBER
control field ABS68629
008 - FIXED-LENGTH DATA ELEMENTS--GENERAL INFORMATION
fixed length control field 050120n2005 000 0 eng u
035 ## - SYSTEM CONTROL NUMBER
System control number (Sirsi) u128555
100 ## - MAIN ENTRY--PERSONAL NAME
Personal name Holloway, N.
245 ## - TITLE STATEMENT
Title Land remediation
260 ## - PUBLICATION, DISTRIBUTION, ETC.
Date of publication, distribution, etc. 2005
490 ## - SERIES STATEMENT
Series statement Wastes Management
Volume/sequential designation January 2005, 32-35(4)
520 ## - SUMMARY, ETC.
Summary, etc. "The hidden cost" looks at the danger of building on asbestos-contaminated land and the consequent increase in waste disposal costs. "Return of the native" discusses the findings of a report, "Woodland establishment on closed old-style landfill sites in NW England". The report found that native tree species perform better than many of the exotics typically used for land reclamation.
590 ## - LOCAL NOTE (RLIN)
Local note ABS
650 ## - SUBJECT ADDED ENTRY--TOPICAL TERM
Topical term or geographic name entry element WASTE DISPOSAL
650 ## - SUBJECT ADDED ENTRY--TOPICAL TERM
Topical term or geographic name entry element MANAGEMENT-HEALTH AND SAFETY-HAZARDOUS SUBSTANCES-ASBESTOS
650 ## - SUBJECT ADDED ENTRY--TOPICAL TERM
Topical term or geographic name entry element CONTAMINATED SOIL
650 ## - SUBJECT ADDED ENTRY--TOPICAL TERM
Topical term or geographic name entry element LAND REMEDIATION
650 ## - SUBJECT ADDED ENTRY--TOPICAL TERM
Topical term or geographic name entry element TREES
690 ## - LOCAL SUBJECT ADDED ENTRY--TOPICAL TERM (OCLC, RLIN)
Topical term or geographic name as entry element ENVIRONMENT-CONTAMINATION
942 ## - ADDED ENTRY ELEMENTS (KOHA)
Suppress in OPAC 0
Holdings
Withdrawn status Lost status Source of classification or shelving scheme Damaged status Not for loan Home library Current library Shelving location Date acquired Total Checkouts Full call number Barcode Date last seen Copy number Price effective from Koha item type
    Dewey Decimal Classification     London London Journal article 20/01/2005   ABS68629 128555-1001 06/08/2019 1 06/08/2019 Journal article